Manažment rizika informačnej bezpečnosti v malých a stredných podnikoch záverečná správa o riešení projektu mladých vedeckých pracovníkov a doktorandov dennej formy štúdia a jeho výsledkoch č. I-15-103-00 : doba riešenia 1. 4. 2015 - 31. 12. 2015

Gespeichert in:
Bibliographische Detailangaben
1. Verfasser: Bolek, Vladimír, 1988-
Körperschaften: Fakulta podnikového manažmentu EU. Katedra informačného manažmentu, Fakulta podnikového manažmentu EU. Katedra manažmentu
Weitere Verfasser: Beňová, Martina, Korček, František, Romanová, Anita, 1973-, Budayová, Jana
Format: Buch
Sprache:Slowakisch
Veröffentlicht: Bratislava 2015
Schlagworte:
Tags: Tag hinzufügen
Keine Tags, Fügen Sie das erste Tag hinzu!

MARC

LEADER 00000nam a2200000 4500
001 0210553
005 20240610085658.5
041 0 |a slo 
044 |a SK 
245 1 0 |a Manažment rizika informačnej bezpečnosti v malých a stredných podnikoch  |b záverečná správa o riešení projektu mladých vedeckých pracovníkov a doktorandov dennej formy štúdia a jeho výsledkoch č. I-15-103-00 : doba riešenia 1. 4. 2015 - 31. 12. 2015  |c zodpovedný riešiteľ: Vladimír Bolek, spoluriešitelia: Martina Beňová, František Korček ; recenzenti: Anita Romanová, Jana Budayová 
264 1 |a Bratislava  |c 2015 
300 |a [30 s.]  |e CD-ROM 
610 2 0 |a manažment informačný 
610 2 0 |a riadenie rizík 
610 2 0 |a bezpečnosť informačná 
610 2 0 |a systémy informačné 
610 2 0 |a podnik malý 
610 2 0 |a podnik stredný 
100 1 |a Bolek, Vladimír, 1988- 
700 1 |a Beňová, Martina 
700 1 |a Korček, František 
700 1 |a Romanová, Anita, 1973- 
700 1 |a Budayová, Jana 
710 2 |a Fakulta podnikového manažmentu EU. Katedra informačného manažmentu 
710 2 |a Fakulta podnikového manažmentu EU. Katedra manažmentu